<?xml version="1.0" encoding="UTF-8"?><?xml-stylesheet type="text/xsl" href="static/style.xsl"?><OAI-PMH xmlns="http://www.openarchives.org/OAI/2.0/" xmlns:xsi="http://www.w3.org/2001/XMLSchema-instance" xsi:schemaLocation="http://www.openarchives.org/OAI/2.0/ http://www.openarchives.org/OAI/2.0/OAI-PMH.xsd"><responseDate>2026-06-01T19:51:58Z</responseDate><request verb="GetRecord" identifier="oai:riuma.uma.es:10630/32105" metadataPrefix="marc">https://riuma.uma.es/rest/oai/request</request><GetRecord><record><header><identifier>oai:riuma.uma.es:10630/32105</identifier><datestamp>2026-04-06T09:02:06Z</datestamp><setSpec>com_10630_2254</setSpec><setSpec>col_10630_37959</setSpec></header><metadata><record xmlns="http://www.loc.gov/MARC21/slim" xmlns:dcterms="http://purl.org/dc/terms/" xmlns:doc="http://www.lyncode.com/xoai" xmlns:xsi="http://www.w3.org/2001/XMLSchema-instance" xsi:schemaLocation="http://www.loc.gov/MARC21/slim http://www.loc.gov/standards/marcxml/schema/MARC21slim.xsd">
   <leader>00925njm 22002777a 4500</leader>
   <datafield ind2=" " ind1=" " tag="042">
      <subfield code="a">dc</subfield>
   </datafield>
   <datafield ind2=" " ind1=" " tag="720">
      <subfield code="a">Yudes Gómez, Carolina</subfield>
      <subfield code="e">author</subfield>
   </datafield>
   <datafield ind2=" " ind1=" " tag="720">
      <subfield code="a">Chamizo-Nieto, María Teresa</subfield>
      <subfield code="e">author</subfield>
   </datafield>
   <datafield ind2=" " ind1=" " tag="720">
      <subfield code="a">Peláez-Fernández, María Ángeles</subfield>
      <subfield code="e">author</subfield>
   </datafield>
   <datafield ind2=" " ind1=" " tag="260">
      <subfield code="c">2024</subfield>
   </datafield>
   <datafield ind2=" " ind1=" " tag="520">
      <subfield code="a">La adolescencia se considera una etapa de desarrollo con alta vulnerabilidad a problemas de salud mental. Estudios previos han establecido, aunque de manera separada, el papel protector de factores de personalidad (autovaloraciones centrales, CSE), y contextuales (apoyo de los compañeros de clase) frente a dichos problemas. El objetivo de este estudio fue explorar el papel moderador del apoyo escolar en la relación entre las CSE y la salud mental en adolescentes españoles.&#xd;
Participaron 2.293 adolescentes entre 12 y 18 años (M edad = 14,07) de Málaga. Se administró la versión española de 5 medidas de autoinforme: (1) Teacher and Classmate Support Scale (TCSS; Torsheim et al., 2000) para evaluar el apoyo escolar; (2) Escala de Autovaloraciones Centrales (CSES-SP; Belendez et al., 2018); (3) Escala de Satisfacción con la vida (SWLS; Atienza et al., 2003) como indicador de ajuste psicológico; (4) Inventario de Frecuencia de Ideación Suicida (FSII, Sánchez-Álvarez et al., 2020), y la subescala de depresión de las Escalas de Depresión, Ansiedad y Estrés (DASS, Bados et al., 2005) como indicadores de desajuste. Los resultados mostraron que el apoyo escolar tiene un papel moderador significativo. &#xd;
Se destaca la importancia de considerar los efectos interactivos de factores individuales y contextuales en la promoción de un desarrollo saludable.</subfield>
   </datafield>
   <datafield ind1="8" ind2=" " tag="024">
      <subfield code="a">https://hdl.handle.net/10630/32105</subfield>
   </datafield>
   <datafield tag="653" ind2=" " ind1=" ">
      <subfield code="a">Adolescentes - Psicología</subfield>
   </datafield>
   <datafield tag="653" ind2=" " ind1=" ">
      <subfield code="a">Orientación pedagógica</subfield>
   </datafield>
   <datafield tag="653" ind2=" " ind1=" ">
      <subfield code="a">Suicidio - Prevención</subfield>
   </datafield>
   <datafield ind2="0" ind1="0" tag="245">
      <subfield code="a">Construyendo puentes:  Cómo el apoyo escolar puede mejorar la salud mental en la adolescencia.</subfield>
   </datafield>
</record>
</metadata></record></GetRecord></OAI-PMH>